| 000 | 00567nam a2200193 i 4500 | ||
|---|---|---|---|
| 001 | 44994 | ||
| 003 | ES-MaACL | ||
| 005 | 20230906161131.0 | ||
| 007 | t| | ||
| 008 | 030324s1978 sp ||||1| spa d | ||
| 100 | 0 |
_aClaudín, Fernando. _939089 |
|
| 245 | 1 | 0 |
_aDocumentos de una divergencia comunista / _cFernando Claudín. |
| 260 |
_a[Barcelona : _bIniciativas Editoriales : _bRieusset, _c1978] |
||
| 300 |
_aX, 315 p. ; _c22 cm. |
||
| 490 | 1 | _aEl Viejo topo | |
| 830 | 0 |
_aEl Viejo topo _9183477 |
|
| 852 |
_aES-MaACL _jA-9056 _bR.97500 |
||
| 999 |
_c44994 _d44994 |
||